How to win friends and influence people (Record no. 112502)

MARC details
000 -LEADER
fixed length control field 00418 a2200157 4500
005 - DATE AND TIME OF LATEST TRANSACTION
control field 20250122102556.0
008 - FIXED-LENGTH DATA ELEMENTS--GENERAL INFORMATION
fixed length control field 241016b |||||||| |||| 00| 0 eng d
020 ## - INTERNATIONAL STANDARD BOOK NUMBER
International Standard Book Number 9789389053067
080 ## - UNIVERSAL DECIMAL CLASSIFICATION NUMBER
Universal Decimal Classification number 159.923
Item number CAR/H
100 ## - MAIN ENTRY--PERSONAL NAME
Personal name Carnegie,Dale
245 ## - TITLE STATEMENT
Title How to win friends and influence people
260 ## - PUBLICATION, DISTRIBUTION, ETC. (IMPRINT)
Name of publisher, distributor, etc Penguin Books
Place of publication, distribution, etc New Delhi
Date of publication, distribution, etc 2021
300 ## - PHYSICAL DESCRIPTION
Extent 292p.
653 ## - INDEX TERM--UNCONTROLLED
Uncontrolled term Self Help-Self Development
942 ## - ADDED ENTRY ELEMENTS (KOHA)
item type Books
Holdings
Lost status Source of classification or shelving scheme Not for loan Home library Current library Date acquired Cost, normal purchase price Total Checkouts Total Renewals Full call number Barcode Date last seen Date checked out Cost, replacement price Price effective from Koha item type
  Universal Decimal Classification   University Library University Library 11/12/2023 199.00 4 1 159.923 CAR/H 00095262 01/11/2025 04/10/2025 199.00 11/12/2023 Books
University Library, CUSAT